00916nam a2200229 a 450000100100000000500170001000800410002702000180006804000250008608200150011110000290012624501400015526000330029530000360032850000560036450000740042050400340049460000360052865000670056465000140063170000410064500001476320200929163911.0100120s2008 dr ac r 001 0 spa d a9789945421552 aDO-SdBNPbspacBNPHU axxxxbxxxx1 aCampos Villalón, Luisa10aPedro de Córdoba :bprecursor de una comunidad defensora de la vida /cLuisa Campos Villalón ; prólogo Carlos A. Azpíroz Costa. aSanto Domingo :bMSC,c2008. a207 p. :bil., retrs. ;c23 cm. aIncluye datos biográficos del autor en la solapa. aIncluye referencias bibliográficas y notas al pie de las páginas. aBibliografía : p. 153 - 15714aCÓRDOBA, PEDRO DE,d1482-1525 4aMisionesxIglesia católicazRepública DominicanaxHistoria 4aDominicos1 aAzpíroz Costa, Carlos A.,epról.